Çankaya kuşatması (Record no. 10133)

MARC details
000 -BAŞLIK
Sabit Uzunlukta Kontrol Alanı 00991na a2200289 4500
001 - KONTROL NUMARASI
Denetim Alanı 14741
003 - KONTROL NUMARASI IDENTIFIER
Denetim Alanı MIRAKIL
005 - SON İŞLEM TARİHİ VE ZAMANI
Denetim Alanı 20181213155308.0
008 - SABİT-BOY VERİ ELEMANLARI - GENEL BİLGİLER
Sabit Uzunlukta Kontrol Alanı 160918b tu 000 0
035 ## - SİSTEM KONTROL NUMARASI
Sistem Kontrol Numarası 14741
040 ## - KATALOGLAMA KAYNAK
Orijinal Kataloglama Ajansı Milas
Kataloglama Dili tur
Metne Dönüştürmek Ajansı TR-AnCHP
082 ## - DEWEY ONLU SINIFLANDIRMA NUMARASI
Sınıflandırma Numarası CHP 324.2182
Ürün Numarası Ç25 2007
090 ## - SINIFLAMA NUMARASI
Sınıflama Numarası CHP 324.2182 Ç25 2007
245 ## - BAŞLIK TABLOSU
Başlık Çankaya kuşatması
Sorumluluk Tablosu, Vb CHP kadın kolları
260 ## - YAYIN, DAĞITIM, VB
Yayın, Dağıtım, Vb Yeri Ankara
Yayıncı, Dağıtıcı, Vs Adı CHP
Yayın, Dağıtım, Vb Tarihi 2007
300 ## - FİZİKSEL TANIM
Kapsam 82 s.
Boyutlar 20 sm.
490 ## - SERİSİ TABLOSU
Seri Beyanı Cumhuriyet Halk Partisi Kadın Kolları yayınları
Hacim / Ardışık Tanımı 10
500 ## - GENEL NOT
Genel Not Sayfalar renklidir.
600 ## - KONU KATMA GİRİŞ - KURUMSAL ADI
Kişisel Ad Erdoğan, Recep Tayyip
Genel Alt Bölümü Siyaset ve yönetim
Kronolojik Alt Bölümü Eleştiriler
610 ## - KONU KATMA GİRİŞ - TOPLANTI ADI
Giriş Elemanı Olarak Kurumsal Ad Veya Yargı Alanı Adı CHP
Genel Alt Bölüm AKP iktidarı
Kronolojik Alt Bölüm Siyaset ve yönetim
Coğrafi Alt Bölüm Eleştiriler
650 ## - KONU KATMA GİRİŞ - TOPİKAL DÖNEM
Topikal Süreli Veya Coğrafi Ad Giriş Elemanı Siyasal partiler
Genel Alt Bölümü Eleştiriler
Coğrafi Alt Bölümü Türkiye
650 ## - KONU KATMA GİRİŞ - TOPİKAL DÖNEM
Topikal Süreli Veya Coğrafi Ad Giriş Elemanı Dinci partiler
Genel Alt Bölümü Siyaset ve yönetim
Coğrafi Alt Bölümü Türkiye
651 ## - KONU KATMA GİRİŞ - COĞRAFİ ADI
Coğrafi İsim Türkiye
Genel Alt Bölümü Siyaset ve yönetim
Kronolojik Alt Bölümü 2002-
710 ## - KATMA GİRİŞ - KURUMSAL ADI
Giriş Elemanı Olarak Kurumsal Ad Veya Yargı Alanı Adı Adalet ve Kakınma Partisi (AKP)
710 ## - KATMA GİRİŞ - KURUMSAL ADI
Giriş Elemanı Olarak Kurumsal Ad Veya Yargı Alanı Adı Cumhuriyet Halk Partisi
Alt Birim Kadın Kolları
942 ## - EKLENDİ GİRİŞ ELEMANLARI (KOHA)
Sınıflandırma Veya Raf Düzeni Kaynak Dewey Decimal Classification
Koha Öğesi Türü Books
999 ## - SİSTEM KONTROL NUMARALARI (KOHA)
Koha Biblionumber 10133
Koha Biblioitemnumber 10133
Holdings
Kalıcı Konum Mevcut Konum Edinme Tarihi Edinim Kaynak Toplam Check-Out'Lar Tam Çağrı Numarası Barkod Tarih Son Görülme İtibaren Geçerli Fiyatlar Koha Öğesi Türü Kopya Sayısı
CHP Kütüphanesi CHP Kütüphanesi 08/31/2016 Bağış   CHP 324.2182 Ç25 2007 003076 08/31/2016 08/31/2016 Books  
CHP Kütüphanesi CHP Kütüphanesi 08/31/2016 Bağış   CHP 324.2182 Ç25 2007 003077 08/31/2016 08/31/2016 Books k.2
CHP Kütüphanesi CHP Kütüphanesi 08/31/2016 Bağış   CHP 324.2182 Ç25 2007 003078 08/31/2016 08/31/2016 Books k.3
CHP Kütüphanesi CHP Kütüphanesi 08/31/2016 Bağış   CHP 324.2182 Ç25 2007 003079 08/31/2016 08/31/2016 Books k.4
CHP Kütüphanesi CHP Kütüphanesi 08/31/2016 Bağış   CHP 324.2182 Ç25 2007 003080 08/31/2016 08/31/2016 Books k.5